An Assessment of the Effect of Strategic Leadership on Project Implementation: A Study of Secondary Schools in Kisii Central District, Kisii County, Kenya (Record no. 217105)

MARC details
000 -LEADER
fixed length control field 00647nam a22001577a 4500
008 - FIXED-LENGTH DATA ELEMENTS--GENERAL INFORMATION
fixed length control field 260511b |||||||| |||| 00| 0 eng d
050 ## - LIBRARY OF CONGRESS CALL NUMBER
Classification number THE LB 2900.5 .N93 2012
Item number C.1
100 ## - MAIN ENTRY--PERSONAL NAME
Personal name Nyamwamu, Tom Onsare
245 ## - TITLE STATEMENT
Title An Assessment of the Effect of Strategic Leadership on Project Implementation: A Study of Secondary Schools in Kisii Central District, Kisii County, Kenya
260 ## - PUBLICATION, DISTRIBUTION, ETC.
Place of publication, distribution, etc. Kisii
Name of publisher, distributor, etc. Kisii University
Date of publication, distribution, etc. 2012
300 ## - PHYSICAL DESCRIPTION
Extent xii, 46p.:ill.
500 ## - GENERAL NOTE
General note Incudes bibliographical references.
650 ## - SUBJECT ADDED ENTRY
Topical term or geographic name entry element 1. Strategic management and organization - Kenya. 2. Educational leadership - Kenya.
942 ## - ADDED ENTRY ELEMENTS (KOHA)
Source of classification or shelving scheme Library of Congress Classification
Koha item type Reference
Holdings
Withdrawn status Lost status Source of classification or shelving scheme Damaged status Not for loan Collection Home library Current library Date acquired Inventory number Total checkouts Full call number Barcode Date last seen Copy number Price effective from Koha item type
    Library of Congress Classification     Special Research Kisii University Library Kisii University Library 05/11/2026 109438   THE LB 2900.5 .N93 2012 A002031 05/11/2026 C.1 05/11/2026 Reference